000 00539nam a22001937a 4500
003 OSt
005 20160621175314.0
008 160621b xxu||||| |||| 00| 0 eng d
020 _a8-12613013-X (pbk)
040 _cLIC
082 _22006
_aDC 796.815
_bSh2c
100 _910284
_aSharma, Anupam.
245 _aComplete book of martial arts/
_cAnupam Sharma.
260 _aIndia :
_bAnmol Publication,
_cc2006.
300 _avii, 252 pages ;
_c22 cm.
500 _aIncludes index.
650 0 _910285
_aMartial arts.
942 _2ddc
_cDC
999 _c3077
_d3077